000
00321nam a2200133Ia 4500
005
20251222155154.0
008
251222s9999||||xx |||||||||||||| ||spa||
082
_a
MEQ. 01
100
_a
RIVERA, BOZA.
245
0
_a
Procedimiento en Cardiología 3era. Edición
250
_a
No ed.
264
_b
No tiene
942
_c
LIB
999
_c
39671
_d
39671